000 00639cam a2200229 4500
001 32063
003 BD-RjUL
005 20211209051802.0
008 140423s1967 enk 000 1 eng
035 _a(BD-RjUL)32152
040 _aDLC
_cDLC
_dBD-RjUL
_beng
041 _aeng
082 0 0 _a155.2
_bRAD 1967
100 1 _aRatcliffe, T. A.
_q(Tom Arundel)
_997576
245 1 4 _aThe development of personality /
_cby T. A. Ratcliffe.
260 _aLondon :
_bAllen & Unwin,
_c1967.
300 _a11-118 p. :
_c22 1/2 cm.
650 0 _aDevelopmental psychology.
_997577
942 _2ddc
_cBK
999 _c32063
_d32063